000 02015nam a2200241 a 4500
999 _c1573
_d1573
003 AR-BaISA
005 20240228163327.0
006 aad||fr|||| 000 0
007 ta
008 240228s2022 ag ad||f |||| 000 0 spa d
020 _a9789275366084
_qVersión Digital
020 _a9789575126080
_qVersión Impresa
040 _bspa
_cAR-BaISA
082 _222
_a362.829 M663
245 0 0 _aManual clínico:
_batención integral de la salud ante situaciones de violencias por motivos de género. Herramientas para equipos de salud
260 _aBuenos Aires:
_bOPS /
_bMinisterio de Salud de la Nación,
_c2022
300 _aXIX, 291 p.:
_bil., graf., fotos
505 _tLa atención de las violencias por motivos de género es una cuestión de salud --
_tAvanzando junto al sistema de salud en la erradicación de las violencias por motivos de género --
_tSENSIBILIZACIÓN ACERCA DE LAS VIOLENCIAS POR MOTIVOS DE GÉNERO:
_tMarco normativo y programático en torno a las violencias por motivos de género a nivel nacional --
_tEl rol de los equipos de salud en la detección temprana y la prevención de las violencias por motivos de género --
_tAPOYO DE PRIMERA LÍNEA ANTE SITUACIONES DE VIOLENCIAS POR MOTIVOS DE GÉNERO:
_t¿Qué es el apoyo de primera línea? --
_tANIMA: herramientas para el apoyo de primera línea --
_tATENCIÓN COMPLEMENTARIA DE LA SALUD FÍSICA ANTE SITUACIONES DE VIOLENCIA SEXUAL:
_tATENCIÓN COMPLEMENTARIA DE LA SALUD MENTAL:
_tApoyo psicosocial básico --
_tAtención de los padecimientos de salud mental más graves --
_tATENCIÓN INTEGRAL ANTE SITUACIONES DE VIOLENCIA SEXUAL CONTRA NIÑAS, NIÑOS, NIÑES Y ADOLESCENTES:
_tViolencia sexual con NyA --
_tSituaciones particulares en NyA --
_tPROTEGER: pautas para la atención integral desde una perspectiva de derechos
650 1 4 _93318
_aAtención integral de salud
650 1 4 _93319
_aViolencia de género
856 _uhttps://iris.paho.org/handle/10665.2/56672
_yAcceda a la versión digital aquí
942 _2ddc
_cLI
_e22